[Event "DSM WK M 2012"]
[Site "Karlsruhe GER"]
[Date "2012.05.06"]
[Round "7"]
[White "Mehling, Katharina"]
[Black "Wiesner, Paula"]
[Result "0-1"]
[Termination "normal"]
[Board "1.1"]
[WhiteElo "1714"]
[BlackElo "1776"]
[WhiteTeam "Johann-Schöner-Gymnasium Karlstadt"]
[BlackTeam "Goethe-Gymnasium Karlsruhe"]
[PlyCount "88"]
[WhiteFideId "12900362"]
[BlackFideId "24654019"]
[EventCountry "GER"]
[EventRounds "7"]
[EventType "team-swiss"]
[EventDate "2012.05.03"]

1. e4 e6 2. d4 d5 3. Nd2 Nf6 4. e5 Nfd7 5. Bd3 c5 6. c3 Nc6 7. Ne2 cxd4 8. cxd4
f6 9. exf6 Nxf6 10. Nf3 Bd6 11. Bf4 O-O 12. O-O Bxf4 13. Nxf4 Qd6 14. Ne2 Ng4
15. Ng3 e5 16. dxe5 Ngxe5 17. Nxe5 Nxe5 18. Bc2 Bg4 19. Qd4 Be6 20. Bb3 Nc6 21.
Qd2 Rae8 22. Rad1 d4 23. Bxe6+ Rxe6 24. Rfe1 Qd5 25. Rxe6 Qxe6 26. a3 Qd5 27.
f3 Rd8 28. Qd3 Ne5 29. Qf5 d3 30. Qe4 Qb3 31. Rd2 Nc4 32. Qe7 Qb6+ 33. Kh1 Nxd2
34. Nh5 Qd4 35. Nxg7 Qd7 36. Qg5 Kf7 37. Nh5 Rg8 38. Qxd2 Qf5 39. Ng3 Qd5 40.
Qf4+ Ke8 41. Qb8+ Ke7 42. Qc7+ Ke6 43. Ne4 d2 44. Nc5+ Qxc5 0-1

[Event "DSM WK M 2012"]
[Site "Karlsruhe GER"]
[Date "2012.05.06"]
[Round "7"]
[White "Henke, Hanna"]
[Black "Mehling, Franziska"]
[Result "1/2-1/2"]
[Termination "normal"]
[Board "1.2"]
[WhiteElo "916"]
[BlackElo "1691"]
[WhiteTeam "Goethe-Gymnasium Karlsruhe"]
[BlackTeam "Johann-Schöner-Gymnasium Karlstadt"]
[PlyCount "40"]
[WhiteFideId "12964441"]
[BlackFideId "12900133"]
[EventCountry "GER"]
[EventRounds "7"]
[EventType "team-swiss"]
[EventDate "2012.05.03"]

1. e4 c5 2. Nf3 d6 3. Nc3 Nf6 4. Bb5+ Bd7 5. Bxd7+ Qxd7 6. O-O g6 7. d3 Bg7 8.
Bg5 Nc6 9. Re1 O-O 10. e5 dxe5 11. Nxe5 Nxe5 12. Rxe5 b6 13. Qe2 e6 14. Qf3 Nh5
15. Ree1 f5 16. Ne2 Bxb2 17. Rab1 Bg7 18. Ng3 Nxg3 19. Qxg3 Rfe8 20. Qh4 Qd4
1/2-1/2

[Event "DSM WK M 2012"]
[Site "Karlsruhe GER"]
[Date "2012.05.06"]
[Round "7"]
[White "Schneider, Jana"]
[Black "Ketterer, Beatrice"]
[Result "1-0"]
[Termination "normal"]
[Board "1.3"]
[WhiteElo "1537"]
[BlackElo "785"]
[WhiteTeam "Johann-Schöner-Gymnasium Karlstadt"]
[BlackTeam "Goethe-Gymnasium Karlsruhe"]
[PlyCount "67"]
[WhiteFideId "12924997"]
[BlackFideId "12983411"]
[EventCountry "GER"]
[EventRounds "7"]
[EventType "team-swiss"]
[EventDate "2012.05.03"]

1. e4 e5 2. Nf3 Nc6 3. d4 Bd6 4. d5 Nce7 5. Be3 Nf6 6. Nbd2 O-O 7. h3 c6 8. c4
a6 9. c5 Bb8 10. d6 Ng6 11. Be2 Ba7 12. O-O b6 13. b4 a5 14. a3 Rb8 15. Qc2 Re8
16. Bc4 Nf4 17. Qa2 Ne6 18. Nxe5 Kh8 19. Nxf7+ Kg8 20. Nxd8 Rxd8 21. Bg5 Kf7
22. e5 h6 23. Bh4 g5 24. Bxe6+ dxe6 25. Bg3 Nd5 26. f4 Ke8 27. fxg5 hxg5 28.
Ne4 Rd7 29. Qf2 Re7 30. Qf8+ Kd7 31. dxe7 Nxe7 32. Rf7 Kc7 33. Qxe7+ Bd7 34.
Qxd7# 1-0

[Event "DSM WK M 2012"]
[Site "Karlsruhe GER"]
[Date "2012.05.06"]
[Round "7"]
[White "Kipp, Emma"]
[Black "Höfling, Anna"]
[Result "0-1"]
[Termination "normal"]
[Board "1.4"]
[WhiteElo "800"]
[BlackElo "800"]
[WhiteTeam "Goethe-Gymnasium Karlsruhe"]
[BlackTeam "Johann-Schöner-Gymnasium Karlstadt"]
[PlyCount "114"]
[EventCountry "GER"]
[EventRounds "7"]
[EventType "team-swiss"]
[EventDate "2012.05.03"]

1. e4 e5 2. Nf3 Nc6 3. Nc3 Nf6 4. a3 Bc5 5. Bc4 d6 6. O-O Bg4 7. h3 Bd7 8. d3
Nd4 9. Nxd4 Bxd4 10. Nd5 Nxd5 11. Bxd5 O-O 12. Qh5 h6 13. Rb1 Qe8 14. Bd2 Be6
15. Bxe6 Qxe6 16. c3 Bc5 17. Be3 Bxe3 18. fxe3 d5 19. c4 dxc4 20. dxc4 Rad8 21.
Rbd1 Qxc4 22. Qxe5 Rfe8 23. Qc3 Qxc3 24. bxc3 Rxd1 25. Rxd1 Rxe4 26. Rd8+ Kh7
27. Rc8 Rc4 28. g4 Rxc3 29. Rf8 Kg6 30. Kf2 Rxa3 31. Kf3 c5 32. Rc8 b6 33. Rc6+
Kh7 34. Kf4 Ra4+ 35. e4 c4 36. e5 c3+ 37. Kf5 Ra3 38. Ke4 b5 39. Kd3 b4 40. Rc4
Ra4 41. h4 a6 42. g5 h5 43. Kc2 a5 44. g6+ Kxg6 45. Kb3 Ra1 46. Rc6+ Kf5 47.
Rc5 Ra3+ 48. Kc4 c2 49. Kb5 b3 50. Ka6 Ra1 51. Rc7 c1=Q 52. Rxc1 Rxc1 53. Kxa5
b2 54. Kb5 b1=Q+ 55. Ka4 Rc8 56. e6 fxe6 57. Ka3 Ra8# 0-1

[Event "DSM WK M 2012"]
[Site "Karlsruhe GER"]
[Date "2012.05.06"]
[Round "7"]
[White "Brandl, Lea Maria"]
[Black "Evers, Annika"]
[Result "0-1"]
[Termination "normal"]
[Board "2.1"]
[WhiteElo "1712"]
[BlackElo "1774"]
[WhiteTeam "Marienschule Limburg"]
[BlackTeam "Athenaeum Stade"]
[PlyCount "92"]
[WhiteFideId "24693049"]
[BlackFideId "24691933"]
[EventCountry "GER"]
[EventRounds "7"]
[EventType "team-swiss"]
[EventDate "2012.05.03"]

1. d4 d5 2. c4 c6 3. Nf3 Nf6 4. Nc3 e6 5. Bg5 Nbd7 6. e3 Be7 7. Rc1 O-O 8. Bd3
h6 9. Bh4 dxc4 10. Bxc4 b5 11. Bd3 Bb7 12. O-O a6 13. Qe2 c5 14. Rfd1 c4 15.
Bc2 Nd5 16. Bg3 N7f6 17. e4 Nxc3 18. bxc3 Qa5 19. Bb1 Ba3 20. e5 Nd5 21. Qe4 g6
22. Qh4 Bxc1 23. Rxc1 Kg7 24. Bf4 Nxf4 25. Qxf4 Qd8 26. h3 Rc8 27. h4 Bxf3 28.
gxf3 a5 29. Kh2 f6 30. exf6+ Qxf6 31. Qxf6+ Rxf6 32. Be4 b4 33. Kg2 Rf7 34. Kf1
Rf4 35. Ke2 Rxh4 36. Ke3 g5 37. d5 exd5 38. Bxd5 Rf4 39. Be4 b3 40. a4 Re8 41.
Rd1 Rff8 42. Rd7+ Rf7 43. Rd1 Rfe7 44. Rc1 g4 45. Re1 gxf3 46. Kxf3 Rxe4 0-1

[Event "DSM WK M 2012"]
[Site "Karlsruhe GER"]
[Date "2012.05.06"]
[Round "7"]
[White "Lange, Anika"]
[Black "Liez, Franziska"]
[Result "1/2-1/2"]
[Termination "normal"]
[Board "2.2"]
[WhiteElo "1523"]
[BlackElo "1726"]
[WhiteTeam "Athenaeum Stade"]
[BlackTeam "Marienschule Limburg"]
[PlyCount "80"]
[WhiteFideId "24693405"]
[BlackFideId "1271766"]
[EventCountry "GER"]
[EventRounds "7"]
[EventType "team-swiss"]
[EventDate "2012.05.03"]

1. d4 Nf6 2. Nf3 e6 3. e3 b6 4. Bd3 Bb7 5. O-O c5 6. Nbd2 Be7 7. b3 O-O 8. Bb2
Re8 9. c4 d6 10. Rc1 Nbd7 11. Bb1 Rc8 12. Qe2 Qc7 13. Rfd1 Qb8 14. Ng5 Qa8 15.
Ngf3 Bf8 16. Qf1 h6 17. h3 Be7 18. a3 Ba6 19. Qe1 Bf8 20. dxc5 bxc5 21. Bc2 d5
22. Bb1 Qb8 23. Ba1 Bb7 24. Rc2 Be7 25. Rdc1 dxc4 26. Rxc4 Bxf3 27. Nxf3 Qxb3
28. R4c3 Qb7 29. R3c2 Nd5 30. Rb2 Qa6 31. Rb3 c4 32. Rb2 Qxa3 33. Ra2 Qc5 34.
Bd4 Qc6 35. Rxa7 Ra8 36. Rxa8 Rxa8 37. Be4 Rc8 38. Ne5 Nxe5 39. Bxe5 f6 40. Bd4
Bd6 1/2-1/2

[Event "DSM WK M 2012"]
[Site "Karlsruhe GER"]
[Date "2012.05.06"]
[Round "7"]
[White "Bajorski, Maria Sophie"]
[Black "Gerdts, Martina"]
[Result "1/2-1/2"]
[Termination "normal"]
[Board "2.3"]
[WhiteElo "1455"]
[BlackElo "1071"]
[WhiteTeam "Marienschule Limburg"]
[BlackTeam "Athenaeum Stade"]
[PlyCount "51"]
[WhiteFideId "24654531"]
[BlackFideId "12930628"]
[EventCountry "GER"]
[EventRounds "7"]
[EventType "team-swiss"]
[EventDate "2012.05.03"]

1. e4 c5 2. Nf3 g6 3. d4 cxd4 4. Nxd4 Bg7 5. Nc3 d6 6. Be3 a6 7. Bc4 Nf6 8. O-O
O-O 9. Qd2 b5 10. Bb3 Bd7 11. Bh6 Nc6 12. Bxg7 Kxg7 13. Rad1 Rc8 14. Kh1 Qb6
15. h3 Nxd4 16. Qxd4 Qxd4 17. Rxd4 Bc6 18. f4 Rcd8 19. Rfd1 Ne8 20. Bd5 Bxd5
21. Nxd5 e5 22. R4d3 Rc8 23. c3 f6 24. g3 g5 25. f5 h5 26. Kg2 1/2-1/2

[Event "DSM WK M 2012"]
[Site "Karlsruhe GER"]
[Date "2012.05.06"]
[Round "7"]
[White "Steffens, Skrolan"]
[Black "Schröder, Janina"]
[Result "0-1"]
[Termination "time forfeit"]
[Board "2.4"]
[WhiteElo "800"]
[BlackElo "1315"]
[WhiteTeam "Athenaeum Stade"]
[BlackTeam "Marienschule Limburg"]
[PlyCount "110"]
[BlackFideId "24693138"]
[EventCountry "GER"]
[EventRounds "7"]
[EventType "team-swiss"]
[EventDate "2012.05.03"]

1. e4 e5 2. Nf3 Nc6 3. Bc4 Be7 4. O-O Nf6 5. Nc3 O-O 6. Re1 d6 7. h3 h6 8. d4
exd4 9. Nxd4 Bd7 10. Bf4 Re8 11. Qd2 Ne5 12. Bb3 Ng6 13. Bh2 c5 14. Nf5 b5 15.
Bd5 b4 16. Nxe7+ Nxe7 17. Ne2 Nexd5 18. exd5 Bc8 19. c4 a5 20. b3 Ne4 21. Qc2
Nf6 22. Ng3 Bd7 23. Nf5 Bxf5 24. Qxf5 Qc7 25. Bf4 Rad8 26. h4 Qd7 27. Qxd7 Rxd7
28. Re3 Rdd8 29. Rae1 Kf8 30. f3 Kg8 31. Re7 Kf8 32. Rxe8+ Nxe8 33. Kf2 Rd7 34.
g3 Re7 35. g4 Rxe1 36. Kxe1 Ke7 37. Ke2 Kd7 38. Kd3 Ke7 39. Kc2 Kd7 40. Kb2 Ke7
41. a3 Kd7 42. axb4 axb4 43. Kc2 Ke7 44. Kd3 Kd7 45. g5 h5 46. Bg3 g6 47. f4
Ng7 48. Bh2 Nf5 49. Ke2 Nxh4 50. Kf2 Nf5 51. Bg3 Nd4 52. Ke1 Nxb3 53. Kd1 Nd4
54. Kc1 Ke7 55. Kb2 f6 0-1

[Event "DSM WK M 2012"]
[Site "Karlsruhe GER"]
[Date "2012.05.06"]
[Round "7"]
[White "Berger, Nadja"]
[Black "Krtschil, Anna"]
[Result "1-0"]
[Termination "normal"]
[Board "3.1"]
[WhiteElo "1837"]
[BlackElo "1524"]
[WhiteTeam "Friedrich-Dessauer-Gymnasium Aschaffenburg"]
[BlackTeam "Salza Gymnasium Bad Langensalza"]
[PlyCount "35"]
[WhiteFideId "24692212"]
[BlackFideId "4611144"]
[EventCountry "GER"]
[EventRounds "7"]
[EventType "team-swiss"]
[EventDate "2012.05.03"]

1. c4 c5 2. Nc3 Nc6 3. g3 g6 4. Bg2 Bg7 5. d3 d6 6. Nf3 Nf6 7. Bg5 e6 8. Qc1
Rb8 9. Bh6 O-O 10. h4 a6 11. h5 Nxh5 12. Bxg7 Kxg7 13. g4 Nf6 14. Qh6+ Kg8 15.
Ng5 Re8 16. Nce4 d5 17. Nxh7 dxe4 18. Ng5 1-0

[Event "DSM WK M 2012"]
[Site "Karlsruhe GER"]
[Date "2012.05.06"]
[Round "7"]
[White "Schwind, Clara"]
[Black "Winterberg, Johanna"]
[Result "1-0"]
[Termination "normal"]
[Board "3.3"]
[WhiteElo "1396"]
[BlackElo "1210"]
[WhiteTeam "Friedrich-Dessauer-Gymnasium Aschaffenburg"]
[BlackTeam "Salza Gymnasium Bad Langensalza"]
[PlyCount "113"]
[WhiteFideId "12964581"]
[BlackFideId "12929344"]
[EventCountry "GER"]
[EventRounds "7"]
[EventType "team-swiss"]
[EventDate "2012.05.03"]

1. e4 c5 2. Nf3 Nc6 3. d4 cxd4 4. Nxd4 Nf6 5. Nc3 d6 6. Bb5 Bd7 7. O-O a6 8.
Nxc6 Bxc6 9. Bxc6+ bxc6 10. Qf3 c5 11. Be3 Nd7 12. Rad1 g6 13. Qg3 Bg7 14. f4
Bxc3 15. bxc3 Qa5 16. Bd2 Qxa2 17. Qd3 c4 18. Qd4 Rg8 19. Qd5 Nb6 20. Qc6+ Kf8
21. Qxb6 Qxc2 22. Qc6 Kg7 23. Qxc4 a5 24. Qd4+ Kf8 25. Rc1 Qb2 26. Rb1 Qa3 27.
Ra1 Qc5 28. Ra4 Qxd4+ 29. cxd4 Kg7 30. Rxa5 Rxa5 31. Bxa5 Ra8 32. Ra1 Kf8 33.
Bc3 Rc8 34. Ra3 Ke8 35. Kf2 Kd7 36. d5 e6 37. Ke3 exd5 38. exd5 Rc5 39. Kd4 h6
40. Ra2 Ke7 41. g4 Kf6 42. Kd3+ Ke7 43. Re2+ Kd7 44. Kd4 Kc7 45. Re7+ Kb6 46.
Rxf7 Kb5 47. Rb7+ Ka6 48. Rb3 Rb5 49. Rxb5 Kxb5 50. f5 gxf5 51. gxf5 Ka4 52. f6
Kb3 53. f7 h5 54. f8=Q h4 55. Qb8+ Kc2 56. Qb2+ Kd1 57. Qd2# 1-0

[Event "DSM WK M 2012"]
[Site "Karlsruhe GER"]
[Date "2012.05.06"]
[Round "7"]
[White "Schirrmeister, Laura"]
[Black "Fuks, Polina"]
[Result "0-1"]
[Termination "normal"]
[Board "3.4"]
[WhiteElo "1135"]
[BlackElo "1231"]
[WhiteTeam "Salza Gymnasium Bad Langensalza"]
[BlackTeam "Friedrich-Dessauer-Gymnasium Aschaffenburg"]
[PlyCount "24"]
[WhiteFideId "24694967"]
[EventCountry "GER"]
[EventRounds "7"]
[EventType "team-swiss"]
[EventDate "2012.05.03"]

1. e4 e5 2. Nf3 Nc6 3. d4 exd4 4. Nxd4 Nf6 5. Nc3 Bb4 6. Bb5 Nxe4 7. Qe2 Qe7 8.
Nf5 Nxc3 9. Nxe7 Nxe2+ 10. Kxe2 Bxe7 11. Re1 Nd4+ 12. Kd1 Nxb5 0-1

[Event "DSM WK M 2012"]
[Site "Karlsruhe GER"]
[Date "2012.05.06"]
[Round "7"]
[White "Lagunow, Elina"]
[Black "Heinemann, Josefine"]
[Result "1-0"]
[Termination "normal"]
[Board "4.1"]
[WhiteElo "1684"]
[BlackElo "1850"]
[WhiteTeam "Heinrich-Schliemann-Gymnasium Berlin"]
[BlackTeam "Werner-von-Siemens-Gymnasium Magdeburg"]
[PlyCount "75"]
[WhiteFideId "4673387"]
[BlackFideId "12900460"]
[EventCountry "GER"]
[EventRounds "7"]
[EventType "team-swiss"]
[EventDate "2012.05.03"]

1. Nf3 Nf6 2. g3 g6 3. Bg2 Bg7 4. O-O O-O 5. c3 c5 6. d3 d5 7. Nbd2 Nc6 8. e4
dxe4 9. Nxe4 Nxe4 10. dxe4 Qc7 11. Bf4 e5 12. Be3 b6 13. Qc2 Rd8 14. Rad1 Bb7
15. Nd2 Ba6 16. Rfe1 Bd3 17. Qc1 Rd6 18. Bf1 Rad8 19. Bxd3 Rxd3 20. Nf1 Qd7 21.
Rxd3 Qxd3 22. Bg5 f6 23. Bh6 Na5 24. Bxg7 Kxg7 25. Qe3 Nc4 26. Qe2 Kf7 27. f3
Nd2 28. Kf2 Qc2 29. Ne3 Qxb2 30. Rd1 Qxc3 31. Nd5 Rxd5 32. exd5 Nc4 33. d6 Ke8
34. Qe4 Qb2+ 35. Kg1 Nd2 36. d7+ Kxd7 37. Qd5+ Kc7 38. Rxd2 1-0

[Event "DSM WK M 2012"]
[Site "Karlsruhe GER"]
[Date "2012.05.06"]
[Round "7"]
[White "Peschos, Celine"]
[Black "Greßmann, Hanna"]
[Result "1/2-1/2"]
[Termination "normal"]
[Board "4.2"]
[WhiteElo "1460"]
[BlackElo "1490"]
[WhiteTeam "Werner-von-Siemens-Gymnasium Magdeburg"]
[BlackTeam "Heinrich-Schliemann-Gymnasium Berlin"]
[PlyCount "59"]
[BlackFideId "12930709"]
[EventCountry "GER"]
[EventRounds "7"]
[EventType "team-swiss"]
[EventDate "2012.05.03"]

1. e4 e5 2. Nf3 Nc6 3. d4 exd4 4. Nxd4 Bc5 5. Be3 Qf6 6. c3 Nge7 7. Bc4 Ne5 8.
Be2 Qg6 9. O-O O-O 10. Nd2 d6 11. f3 N7c6 12. N2b3 Bb6 13. Qd2 f5 14. Nxf5 Bxf5
15. exf5 Bxe3+ 16. Qxe3 Qxf5 17. f4 Ng6 18. Bd3 Qf6 19. Bxg6 Qxg6 20. Rae1 Rae8
21. Qd2 Qf5 22. g3 Kh8 23. Rf2 Re4 24. Rfe2 Rxe2 25. Qxe2 h6 26. Qe4 Qxe4 27.
Rxe4 Kg8 28. Kg2 Rf7 29. Re8+ Rf8 30. Re4 1/2-1/2

[Event "DSM WK M 2012"]
[Site "Karlsruhe GER"]
[Date "2012.05.06"]
[Round "7"]
[White "Piyamit, Sophia"]
[Black "Zander, Carolin"]
[Result "1/2-1/2"]
[Termination "normal"]
[Board "4.3"]
[WhiteElo "800"]
[BlackElo "800"]
[WhiteTeam "Heinrich-Schliemann-Gymnasium Berlin"]
[BlackTeam "Werner-von-Siemens-Gymnasium Magdeburg"]
[PlyCount "57"]
[EventCountry "GER"]
[EventRounds "7"]
[EventType "team-swiss"]
[EventDate "2012.05.03"]

1. e4 e5 2. Nf3 Nc6 3. Bc4 Bc5 4. d3 d6 5. O-O Nf6 6. Nc3 Be6 7. Bb5 d5 8. Bg5
Qd6 9. exd5 Nxd5 10. Ne4 Qf8 11. Re1 f6 12. Bh4 a6 13. Ba4 b5 14. Bb3 Na5 15.
c4 Nxb3 16. axb3 Ne7 17. d4 exd4 18. Nxc5 Bc8 19. Nxd4 bxc4 20. bxc4 Qf7 21.
Rc1 O-O 22. Ne4 Ng6 23. Bg3 Bb7 24. b3 Qe7 25. Qd3 Ne5 26. Qe3 Rad8 27. Rc3 c5
28. Ne2 Rc8 29. Bf4 1/2-1/2

[Event "DSM WK M 2012"]
[Site "Karlsruhe GER"]
[Date "2012.05.06"]
[Round "7"]
[White "Döring, Saskia"]
[Black "Kluge, Helene"]
[Result "0-1"]
[Termination "normal"]
[Board "4.4"]
[WhiteElo "800"]
[BlackElo "831"]
[WhiteTeam "Werner-von-Siemens-Gymnasium Magdeburg"]
[BlackTeam "Heinrich-Schliemann-Gymnasium Berlin"]
[PlyCount "66"]
[BlackFideId "12983179"]
[EventCountry "GER"]
[EventRounds "7"]
[EventType "team-swiss"]
[EventDate "2012.05.03"]

1. e4 d6 2. Nf3 Nf6 3. Nc3 g6 4. Bc4 Bg7 5. O-O O-O 6. Re1 Re8 7. Bb5 Bd7 8. d3
a6 9. Ba4 b5 10. Bb3 Be6 11. Nd5 c6 12. Ng5 cxd5 13. Bd2 Nc6 14. c4 dxc4 15.
dxc4 bxc4 16. Ba4 Bd7 17. Rc1 Ne5 18. Bxd7 Qxd7 19. b3 Nd3 20. Rxc4 Nxe1 21.
Qxe1 h6 22. Nh3 Rac8 23. Ra4 Qc6 24. f3 Nh5 25. Rc4 Qb5 26. Rb4 Qe5 27. Nf2 Qa1
28. Nd1 Qxa2 29. Ra4 Qxb3 30. Rxa6 Ra8 31. Rxa8 Rxa8 32. g4 Nf6 33. Nf2 Nd7 0-1

[Event "DSM WK M 2012"]
[Site "Karlsruhe GER"]
[Date "2012.05.06"]
[Round "7"]
[White "Zelbel, Jacqueline"]
[Black "Krein, Jana"]
[Result "1/2-1/2"]
[Termination "normal"]
[Board "5.1"]
[WhiteElo "1255"]
[BlackElo "1362"]
[WhiteTeam "Immanuel-Kant-Gymnasium Dortmund"]
[BlackTeam "Auguste-Viktoria-Gymnasium Trier"]
[PlyCount "66"]
[BlackFideId "12937762"]
[EventCountry "GER"]
[EventRounds "7"]
[EventType "team-swiss"]
[EventDate "2012.05.03"]

1. e4 e5 2. Nf3 Nc6 3. d4 exd4 4. Nxd4 Bc5 5. Nf3 d6 6. Nc3 Nf6 7. Bd3 h6 8.
O-O Bg4 9. h3 Bh5 10. Re1 O-O 11. Be2 Re8 12. Bb5 a6 13. Bc4 Bb4 14. Bd3 Ne5
15. g4 Nxd3 16. cxd3 Bg6 17. Nh4 Bh7 18. Qf3 Rb8 19. Bd2 Bxc3 20. Bxc3 Nxe4 21.
dxe4 Qxh4 22. Rad1 Qe7 23. e5 dxe5 24. Bxe5 Qc5 25. Bg3 Rxe1+ 26. Rxe1 b6 27.
Qe2 Bg6 28. Qxa6 Rd8 29. Qe2 c6 30. Qe5 Qxe5 31. Bxe5 Re8 32. Bc3 Rxe1+ 33.
Bxe1 Bb1 1/2-1/2

[Event "DSM WK M 2012"]
[Site "Karlsruhe GER"]
[Date "2012.05.06"]
[Round "7"]
[White "Kim, Yu-Mi"]
[Black "Hudde, Marnie"]
[Result "1-0"]
[Termination "normal"]
[Board "5.2"]
[WhiteElo "1239"]
[BlackElo "800"]
[WhiteTeam "Auguste-Viktoria-Gymnasium Trier"]
[BlackTeam "Immanuel-Kant-Gymnasium Dortmund"]
[PlyCount "59"]
[WhiteFideId "12955361"]
[EventCountry "GER"]
[EventRounds "7"]
[EventType "team-swiss"]
[EventDate "2012.05.03"]

1. e4 e5 2. Nf3 Nc6 3. Bc4 Nf6 4. Ng5 d5 5. exd5 Nxd5 6. Qf3 Qxg5 7. Bxd5 Qg6
8. d3 Nd4 9. Qd1 c6 10. Bf3 Bd6 11. Nc3 O-O 12. Be3 Re8 13. O-O Nxf3+ 14. Qxf3
Bg4 15. Qg3 e4 16. Bf4 Bxf4 17. Qxf4 Bf5 18. dxe4 Bxe4 19. Nxe4 Rxe4 20. Qc7 b5
21. Rad1 Ree8 22. Rd2 Rec8 23. Rfd1 Qg5 24. Qd7 g6 25. Rd6 Qc5 26. Rf6 Qc4 27.
b3 Qh4 28. Qxf7+ Kh8 29. Rd7 Rd8 30. Qg7# 1-0

[Event "DSM WK M 2012"]
[Site "Karlsruhe GER"]
[Date "2012.05.06"]
[Round "7"]
[White "Zelbel, Chantal"]
[Black "Bach, Kira Annika"]
[Result "0-1"]
[Termination "normal"]
[Board "5.3"]
[WhiteElo "976"]
[BlackElo "1189"]
[WhiteTeam "Immanuel-Kant-Gymnasium Dortmund"]
[BlackTeam "Auguste-Viktoria-Gymnasium Trier"]
[PlyCount "120"]
[BlackFideId "12907677"]
[EventCountry "GER"]
[EventRounds "7"]
[EventType "team-swiss"]
[EventDate "2012.05.03"]

1. d4 d5 2. Nc3 Bf5 3. Bf4 Nf6 4. Nb5 Na6 5. Nf3 c6 6. Nc3 Qb6 7. b3 e6 8. Na4
Qd8 9. Bg5 Nb4 10. Rc1 Nxa2 11. Ra1 Nb4 12. Rc1 h6 13. Bh4 Qa5 14. Nd2 Ne4 15.
c3 Na2 16. Ra1 Naxc3 17. Nxc3 Qxc3 18. Rc1 Qa5 19. Ra1 Qc3 20. Rc1 Qxd4 21. e3
Qb4 22. Be2 Nc3 23. Rxc3 Qxc3 24. O-O Qb4 25. Nf3 Be7 26. Bg3 O-O 27. Ne5 Bd6
28. Nd3 Bxd3 29. Qxd3 a5 30. Bd1 e5 31. Qf5 e4 32. Bxd6 Qxd6 33. f3 exf3 34.
Rxf3 Qg6 35. Qe5 Qd3 36. Qa1 Rae8 37. Rg3 f6 38. Kf2 Qd2+ 39. Be2 Re5 40. h3
Rf5+ 41. Rf3 Rxf3+ 42. gxf3 Re8 43. Qd4 Qxd4 44. exd4 Ra8 45. Bd1 b5 46. Bc2 a4
47. bxa4 bxa4 48. Bb1 a3 49. Ba2 Rb8 50. Ke3 Rb2 51. Bxd5+ cxd5 52. h4 a2 53.
h5 a1=Q 54. Kf4 Qc1+ 55. Kf5 Qg5+ 56. Ke6 Rb6+ 57. Kd7 Qxh5 58. Kc7 Re6 59. Kd7
Qf7+ 60. Kd8 Re8# 0-1

[Event "DSM WK M 2012"]
[Site "Karlsruhe GER"]
[Date "2012.05.06"]
[Round "7"]
[White "Mertes, Kathrin"]
[Black "Liberis, Angelina"]
[Result "1-0"]
[Termination "normal"]
[Board "5.4"]
[WhiteElo "1085"]
[BlackElo "800"]
[WhiteTeam "Auguste-Viktoria-Gymnasium Trier"]
[BlackTeam "Immanuel-Kant-Gymnasium Dortmund"]
[PlyCount "49"]
[EventCountry "GER"]
[EventRounds "7"]
[EventType "team-swiss"]
[EventDate "2012.05.03"]

1. e4 e5 2. Nf3 Nc6 3. Bc4 Nf6 4. Ng5 Qe7 5. O-O h6 6. Nxf7 Rg8 7. Nxe5 Nxe5 8.
Bxg8 Nxg8 9. Qh5+ Kd8 10. d4 Nf6 11. Qxe5 d6 12. Qf4 Bd7 13. Nc3 a6 14. Bd2 Nh5
15. Qf3 Nf6 16. Rae1 Qf7 17. e5 Ng4 18. Qxf7 Be7 19. Nd5 Bg5 20. Bxg5+ hxg5 21.
Qf8+ Be8 22. exd6 Kd7 23. Nb4 Nf6 24. Qe7+ Kc8 25. Qxc7# 1-0

[Event "DSM WK M 2012"]
[Site "Karlsruhe GER"]
[Date "2012.05.06"]
[Round "7"]
[White "König, Isabel"]
[Black "Schmieder, Michelle"]
[Result "0-1"]
[Termination "normal"]
[Board "6.1"]
[WhiteElo "1099"]
[BlackElo "1210"]
[WhiteTeam "Gymnasium Altenholz"]
[BlackTeam "Clemens-Winkler-Gymnasium Aue"]
[PlyCount "98"]
[WhiteFideId "16210000"]
[EventCountry "GER"]
[EventRounds "7"]
[EventType "team-swiss"]
[EventDate "2012.05.03"]

1. c4 e6 2. Nf3 g6 3. g3 Bg7 4. Bg2 Nf6 5. Nc3 O-O 6. e3 c6 7. d4 d5 8. cxd5
exd5 9. O-O Bg4 10. a3 Nbd7 11. b3 Ne4 12. Bb2 b6 13. h3 Bxf3 14. Bxf3 Nxc3 15.
Bxc3 Nf6 16. Re1 Re8 17. Rc1 Qd7 18. Qd3 Qxh3 19. Bb4 Qd7 20. Kg2 a5 21. Bc3 b5
22. Bb2 Rac8 23. e4 dxe4 24. Bxe4 Nxe4 25. Rxe4 Qd5 26. f3 Rxe4 27. fxe4 Qd7
28. Bc3 Qa7 29. Re1 Rd8 30. e5 b4 31. axb4 axb4 32. Bb2 c5 33. Re4 Qb7 34. Kf2
Qa7 35. Ke3 f5 36. exf6 Bxf6 37. Qc4+ Kg7 38. Kd3 Qc7 39. g4 Qg3+ 40. Kd2 Qf2+
41. Re2 Qf4+ 42. Kd3 cxd4 43. Bxd4 Rxd4+ 44. Qxd4 Qxd4+ 45. Kc2 Qc3+ 46. Kb1
Qd3+ 47. Rc2 Qxb3+ 48. Rb2 Qd3+ 49. Rc2 b3 0-1

[Event "DSM WK M 2012"]
[Site "Karlsruhe GER"]
[Date "2012.05.06"]
[Round "7"]
[White "Kluge, Leyla"]
[Black "Caliebe, Nanke"]
[Result "0-1"]
[Termination "normal"]
[Board "6.2"]
[WhiteElo "1372"]
[BlackElo "867"]
[WhiteTeam "Clemens-Winkler-Gymnasium Aue"]
[BlackTeam "Gymnasium Altenholz"]
[PlyCount "114"]
[WhiteFideId "12918172"]
[BlackFideId "12980528"]
[EventCountry "GER"]
[EventRounds "7"]
[EventType "team-swiss"]
[EventDate "2012.05.03"]

1. c4 c5 2. Nc3 e6 3. g3 d6 4. Bg2 Nd7 5. d3 Ngf6 6. Nf3 Be7 7. O-O O-O 8. a3
b6 9. Nd2 Rb8 10. Nde4 Bb7 11. Qc2 Re8 12. Rb1 Nxe4 13. Nxe4 Qc7 14. b3 Nf6 15.
Nxf6+ Bxf6 16. Bb2 Bxg2 17. Kxg2 Qb7+ 18. f3 Bxb2 19. Qxb2 Re7 20. b4 Rc7 21.
h4 d5 22. cxd5 Qxd5 23. Rfc1 Rbc8 24. bxc5 Rxc5 25. Rxc5 Qxc5 26. Qb4 Qxb4 27.
Rxb4 Rc2 28. Rd4 Kf8 29. Kf2 Ra2 30. a4 Ke7 31. f4 Kf6 32. Kf3 h6 33. g4 Kg6
34. h5+ Kf6 35. e4 Ke7 36. e5 Ra1 37. Rc4 Kd7 38. Kf2 Ra2+ 39. Kf3 a6 40. Ke3
b5 41. axb5 axb5 42. Rb4 Kc6 43. d4 Ra4 44. Rb3 b4 45. Kd3 Kd5 46. g5 Ra3 47.
Kc2 Rxb3 48. Kxb3 Kxd4 49. Kxb4 Ke4 50. Kc5 Kxf4 51. gxh6 gxh6 52. Kd6 Kf5 53.
Ke7 Kxe5 54. Kxf7 Kf5 55. Ke7 e5 56. Kd6 Kf4 57. Kd5 e4 0-1